Score 0/14 Timer 04:00
4 Plays Today
Scrambled Unscrambled % Correct
UTHHut
99.8%
ACEFFace
99.5%
NOVEOven
94.6%
SOINONOnions
92.6%
TTMAOOTomato
92.1%
HESECECheese
90.9%
EILCSSlice
90.3%
Scrambled Unscrambled % Correct
SURCTCrust
88.2%
Thing that all these things have in common:Pizza
85.7%
EUCSASauce
85.4%
GHODUDough
83.4%
SMOIDNODominos
79.3%
RTETUCCutter
77.9%
CAOGICHChicago
52.4%

You're not logged in!

Compare scores with friends on all Sporcle quizzes.
OR
Log In

Sporcle TV

Today on Sporcle TV


Watch our educational content, quiz creation guides, and fun videos on Sporcle TV.

Show Comments

Extras

Top Quizzes Today


Score Distribution

Your Account Isn't Verified!

In order to create a playlist on Sporcle, you need to verify the email address you used during registration. Go to your Sporcle Settings to finish the process.

Report this User

Report this user for behavior that violates our Community Guidelines.

Details: